| 000 | 00890nam a2200229 a 4500 | ||
|---|---|---|---|
| 005 | 20210219160306.0 | ||
| 008 | 081007s1994 mx r 000 0 spa d | ||
| 035 | _aUPN01000162543 | ||
| 049 | _aUNE | ||
| 080 | _a37.017.7 (63)=20 "1994" EDU. | ||
| 245 | 0 | 0 |
_aEducation for International understanding : _bthe case of Ethiopia. |
| 260 |
_aGeneve : _bOEI ; _aParís : _bUNESCO, _c1994. |
||
| 300 | _a35 p. | ||
| 500 | _aEste estudio fue preprarado para la Oficina Internacional de Educación como una contribución a la cuarenta y cuatrogésima reunión de la Conferencia Internacional de Educación | ||
| 500 | _aIncluye bibliografía | ||
| 690 | _aComprensión internacional - Etiopía | ||
| 690 | _aEducación para la paz - Etiopía | ||
| 690 | _aEtiopía - Educación para la paz | ||
| 710 | 2 | _aUNESCO | |
| 710 | 2 |
_aOIE. _bOficina Internacional de Educación |
|
| 905 | _aUNESCO | ||
| 999 |
_c134656 _d134656 |
||